Statistics for Guess the Taylor Swift song with no hints ~24

Click here to take the quiz!

General Stats

  • This quiz has been taken 177 times
  • The average score is 151 of 229

Answer Stats

Answer% Correct
a
99%
I
99%
the
97%
you
97%
your
93%
me
92%
to
92%
where
91%
in
90%
and
89%
And
89%
my
87%
go
86%
who
86%
I'm
84%
know
84%
so
83%
That
82%
that
82%
don't
80%
what
80%
too
77%
why
76%
I'll
75%
all
74%
for
74%
there
74%
But
72%
by
72%
say
69%
can
67%
at
65%
have
65%
I've
65%
with
65%
could
63%
Just
63%
up
63%
Cause
61%
oh
60%
here
58%
down
55%
you'll
55%
got
54%
night
54%
every
53%
back
52%
come
52%
heart
52%
wanna
51%
right
50%
even
48%
rain
42%
the rain
42%
these
40%
let
39%
man
37%
anymore
35%
leave
35%
name
35%
stand
35%
wind
34%
call
33%
far
33%
wait
33%
door
31%
Talk
31%
talk
31%
tired
31%
open
30%
window
30%
hoping
29%
put
29%
sing
28%
song
28%
start
28%
reasons
27%
sky
27%
else
26%
find
26%
laugh
25%
long
25%
steps
25%
tears
24%
clear
22%
games
19%
watched
19%
yourself
19%
screamed
18%

Score Distribution

Percentile by Number Answered

Percent of People with Each Score

Your Score History

You have not taken this quiz